000 00593cam a2200205 4500500
005 20260329003734.0
041 _afre
042 _adc
100 1 0 _aLegros, Martin
_eauthor
245 0 0 _a(Dé)libérons-nous !
260 _c2016.
500 _a5
690 _aDémocratie
690 _aÉlection
690 _aGouvernement
690 _aPierre Rosanvallon
690 _aPouvoir
786 0 _nPhilosophie magazine | 104 | 11 | 2016-11-01 | p. 25-27 | 1951-1787
856 4 1 _uhttps://shs.cairn.info/magazine-philosophie-magazine-2016-11-page-25?lang=fr&redirect-ssocas=7080
999 _c1827230
_d1827230